zpět

Detail výsledku týmu

Skáld Coffee, Louny

Datum a čas kvízu

34.5 Celkem bodů Celkový počet nahraných bodů na tomto kvízu bez doplňovacích otázek.
1. Pořadí na kvízu Konečné umístění týmu na tomto kvízu.

Zaznamenané odpovědi

# Otázka Odpověď Body Výsledky
1. Uličkou Ferdy Mravence, která... v Brně 0
2. 54letá učitelka Gill Punt z br... A) za ledního medvěda 0
3. Britská kapela, která byla zal... Black Sabbath 1
4. Vláda jednoho jihoevropského s... o Chorvatsku 0
5. Tento osmnáctiletý český rychl... Metoděj Jílek 0
6. Kterým podstatným jménem se oz... bakteriofágy/fágy 1
7. Který zvířecí přívlastek získa... prasečí 1
8. Přiřaďte viry k onemocněním, k... 1C 2A 3D 4B 1
9. Viry mají svou genetickou info... U (uracil) 1
10. Pandemie smrtících virů jsou v... May 0